Люди золота: роман

Bibliographic Details
Main Author: Могилевцев Д. Дмитрий
Summary:Золото... застывшая кровь богов, ставшая человеческой силой. И где-то по дороге к солнцу лежат земли, где рождается этот никогда не тускнеющий и не гаснущий металл... Это он усвоил с младых ногтей и нет с тех пор ему покоя. Он должен отыскать тот край, он должен повстречать живущих там людей — людей золота. Быть может, он одной с ними крови? Быть может, оттуда родом его предки, там живут его боги и там он станет великим правителем?Он, варяг Инги, ходил в свои первые набеги как простой воин. Но вскоре уже он поведет варягов за собой. В нем признают вождя. А это отнюдь не просто — возвыситься среди тех, кого трудно удивить одной лишь отчаянной храбростью, умением сражаться любым оружием и никогда не отступать. Однако Инги мало будет ратной удачи, мало богатой добычи, обильных пиров и женщин. Он поведет людей за собой на поиски земли, где рождается золото. Через снега и пески, через земли, где правят по законам чужих богов, и через земли, где нет никакого закона. Испания, Восток, дальше, еще дальше, не страшаеь никого и ничего... Люди пойдут за ним, зачарованные его внутренней силой. Но есть ли конец у этого пути? Однако Инги верит — он обязательно отыщет людей золота, пусть на это и уйдет все отпущенное ему богами время...
Language:Russian
Published: СПб., Крылов, 2010
Series:Историческая авантюра
Мужской клуб
Subjects:
Format: MixedMaterials Book
KOHA link:https://koha.lib.tpu.ru/cgi-bin/koha/opac-detail.pl?biblionumber=179683

MARC

LEADER 00000nam0a2200000 4500
001 179683
005 20231031170509.0
010 |a 9785971709701 
035 |a (RuTPU)RU\TPU\book\194783 
090 |a 179683 
100 |a 20100426d2010 m y0rusy50 ca 
101 0 |a rus 
102 |a RU 
105 |a y z 000ay 
200 1 |a Люди золота  |e роман  |f Д. Могилевцев 
210 |a СПб.  |c Крылов  |d 2010 
215 |a 384 с. 
225 1 |a Историческая авантюра 
225 1 |a Мужской клуб 
330 |a Золото... застывшая кровь богов, ставшая человеческой силой. И где-то по дороге к солнцу лежат земли, где рождается этот никогда не тускнеющий и не гаснущий металл... Это он усвоил с младых ногтей и нет с тех пор ему покоя. Он должен отыскать тот край, он должен повстречать живущих там людей — людей золота. Быть может, он одной с ними крови? Быть может, оттуда родом его предки, там живут его боги и там он станет великим правителем?Он, варяг Инги, ходил в свои первые набеги как простой воин. Но вскоре уже он поведет варягов за собой. В нем признают вождя. А это отнюдь не просто — возвыситься среди тех, кого трудно удивить одной лишь отчаянной храбростью, умением сражаться любым оружием и никогда не отступать. Однако Инги мало будет ратной удачи, мало богатой добычи, обильных пиров и женщин. Он поведет людей за собой на поиски земли, где рождается золото. Через снега и пески, через земли, где правят по законам чужих богов, и через земли, где нет никакого закона. Испания, Восток, дальше, еще дальше, не страшаеь никого и ничего... Люди пойдут за ним, зачарованные его внутренней силой. Но есть ли конец у этого пути? Однако Инги верит — он обязательно отыщет людей золота, пусть на это и уйдет все отпущенное ему богами время... 
610 1 |a русская литература 
610 1 |a романы 
610 1 |a приключения 
610 1 |a авантюрные романы 
610 1 |a исторические романы 
675 |a Р2  |v 3 
700 1 |a Могилевцев  |b Д.  |g Дмитрий 
801 1 |a RU  |b 63413507  |c 20100426 
801 2 |a RU  |b 63413507  |c 20100428  |g RCR 
942 |c BK